000 00906nam a22001337a 4500
040 _cRUA
082 _aAED HON 2009 B238 Or.1
100 _aHONG SAV; ហុង សាវ
245 _aThe study on rural socio-economic situation of the workers in mong rithy group's oil palm co.ltd in tapov village, cheng kou commune, prey noub district, sihanouk province, ការសិក្សាពីស្ថានភាពសេដ្ឋកិច្ចសង្គមរបស់គ្រួសារកម្មករនៃកសិដ្ឋានចំការដូងប្រេង ម៉ុង ឬទ្ធី នៅឃុំជើងគោ ស្រុកព្រៃនប់ ខេត្តព្រះសីហនុ
260 _aPhnom Penh
_bRUA
_c2009
300 _ax; 44p.
_bill.
_c29cm.
856 _uhttps://drive.google.com/file/d/1LCxAEIgT6czYKHIoGwRGTetqEKcuhI86/view?usp=sharing
942 _cAED
999 _c4835
_d4835